000 00535nam a2200193Ia 4500
005 20250508162021.0
008 008 250505s9999 xx 000 0 eng d
020 _a0-333-23440-5
037 _aTextual
040 _aFEDL
_beng
_cFEDL
041 _aeng
_2eng
084 _a307.72, AZI
_qFEDL
100 _aAziz Sartaj
245 0 _aRural development: Learning from China
260 _aLondon, UK
_bThe Macmillan Press Ltd.
_c1978
300 _axxi,201p
942 _cTEXL
_h307.72, AZI
999 _c1373851
_d1373851